تحميل...

Samudhra Janthu Bhoomishasthram ( Zoogeography of the Sea )

التفاصيل البيبلوغرافية
المؤلف الرئيسي: Ekman,Sven
التنسيق: Printed Book
منشور في: Trivandrum State Institute of Languages 1981
LEADER 00438nam a22001217a 4500
082 |a 591.92  |b EKM/SA 
100 |a Ekman,Sven 
245 |a Samudhra Janthu Bhoomishasthram ( Zoogeography of the Sea ) 
260 |a Trivandrum  |b State Institute of Languages  |c 1981 
300 |a 501p. 
942 |c BK 
999 |c 7240  |d 7240 
952 |0 0  |1 0  |4 0  |6 591_920000000000000_EKM_SA  |7 0  |8 NFIC  |9 9462  |a KUFOS  |b KUFOS  |c GEN  |d 2016-06-25  |o 591.92 EKM/SA  |p CJC1  |r 2016-06-25  |w 2016-06-25  |y BK